| 000 | 00904nam a22002297a 4500 | ||
|---|---|---|---|
| 003 | OSt | ||
| 005 | 20150625094139.0 | ||
| 008 | |||
| 020 | _a9780309102834 (pbk.) | ||
| 020 | _a0309102839 (pbk.) | ||
| 040 | _aSEKU | ||
| 050 | 0 | 0 |
_aRA 1242 _bT6A87 |
| 245 | 0 | 0 |
_aAssessing the human health risks of trichloroethylene : _bkey scientific issues / _cCommittee on Human Health Risks of Trichloroethylene, Board on Environmental Studies and Toxicology, Division on Earth and Life Studies, National Research Council of the National Academies. |
| 260 |
_aWashington, D.C. : _bNational Academies Press, _cc2006. |
||
| 300 |
_a 425 p. : _bill. ; |
||
| 504 | _aIncludes bibliographical references (p. 329-379). | ||
| 530 | _aAlso available on the World Wide Web. | ||
| 650 | 0 |
_aTrichloroethylene _xToxicology. |
|
| 650 | 0 |
_aTrichloroethylene _xEnvironmental aspects. |
|
| 906 | _gy-gencatlg | ||
| 942 |
_2lcc _cGEN |
||
| 999 |
_c4230 _d4230 |
||